[Event "Najdorf-r07-m08"]
[Site "http://www.queenalice.com/game.php?id=422135"]
[Date "2008.6.23"]
[Round "-"]
[White "Kzar"]
[Black "dilucia"]
[Result "0-1"]
[WhiteElo "1940"]
[BlackElo "2404"]

1. e4 c5 2. Nf3 d6 3. d4 cxd4 4. Nxd4 Nf6 5. Nc3 a6 6. f4 Qc7 7. Bd3 g6 8. O-O
Bg7 9. Nf3 Nbd7 10. a4 b6 11. Kh1 O-O 12. Qe1 Bb7 13. Bd2 Rac8 14. Qe2 Nc5 15.
Rac1 Qd7 16. b3 Rfe8 17. Rcd1 Nxd3 18. Qxd3 Qc6 19. Be1 Nxe4 20. Nxe4 Qxe4 21.
Bg3 Rxc2 22. Qxe4 Bxe4 0-1

[Event "GDCX Tournament"]
[Site "http://www.queenalice.com/game.php?id=430196"]
[Date "2008.7.9"]
[Round "2"]
[White "dilucia"]
[Black "arvim"]
[Result "1-0"]
[WhiteElo "2400"]
[BlackElo "2141"]

1. e4 e6 2. d4 d5 3. Nd2 Nc6 4. Ngf3 Nf6 5. e5 Nd7 6. Nb3 Be7 7. Bb5 Ndb8 8. O-O
Bd7 9. a4 Nb4 10. c3 N4a6 11. Bd3 c5 12. Nxc5 Nxc5 13. dxc5 Bxc5 14. b4 Be7 15.
b5 a6 16. Be3 O-O 17. c4 axb5 18. axb5 Rxa1 19. Qxa1 dxc4 20. Bxc4 Bc8 21. Rd1
Nd7 22. b6 Re8 23. Bb5 Bf8 24. Qa4 Qe7 25. Bxd7 1-0

[Event "1 e4 c5 2 Na3 *"]
[Site "http://www.queenalice.com/game.php?id=435739"]
[Date "2008.7.19"]
[Round "5"]
[White "arvim"]
[Black "dilucia"]
[Result "0-1"]
[WhiteElo "2154"]
[BlackElo "2408"]

1. e4 c5 2. Na3 Nc6 3. c3 Nf6 4. d3 d5 5. exd5 Qxd5 6. Nf3 e5 7. Be2 Be7 8. O-O
O-O 9. Qb3 Qxb3 10. axb3 Nd5 11. Nc4 f6 12. Be3 Rd8 13. h3 a6 14. Nfd2 b5 15.
Na5 Nxa5 16. Rxa5 f5 17. Nf3 e4 18. dxe4 fxe4 19. Ne5 Bb7 20. Raa1 Nxe3 21. fxe3
Bg5 22. Ng4 Rd2 23. Bd1 Rad8 24. Kh2 Rxb2 25. Ne5 Rdd2 0-1

[Event "Bernobr"]
[Site "http://www.queenalice.com/game.php?id=443945"]
[Date "2008.8.5"]
[Round "5"]
[White "dilucia"]
[Black "Kzar"]
[Result "1-0"]
[WhiteElo "2407"]
[BlackElo "1929"]

1. d4 Nf6 2. c4 Nc6 3. Nf3 e6 4. Nc3 Bb4 5. Qc2 d6 6. Bd2 O-O 7. a3 Bxc3 8. Bxc3
Qe7 9. e3 e5 10. d5 Nb8 11. Nd2 Ne8 12. Bd3 Qh4 13. O-O f5 14. Rae1 Nd7 15. Bxf5
1-0

[Event "ABERTO DO BRASIL"]
[Site "http://www.queenalice.com/game.php?id=451990"]
[Date "2008.8.22"]
[Round "1"]
[White "Rafaelpimentel"]
[Black "dilucia"]
[Result "0-1"]
[WhiteElo "2141"]
[BlackElo "2429"]

1. Nf3 d5 2. b3 Nf6 3. Bb2 Bg4 4. e3 e6 5. Be2 Nbd7 6. d4 Ne4 7. O-O Bd6 8. Nbd2
Nxd2 9. Qxd2 O-O 10. h3 Bf5 11. Bd3 Qf6 12. c4 c6 13. c5 Bxd3 14. Qxd3 Bxc5 15.
a4 a5 16. Qd2 Bd6 17. Ba3 Bxa3 18. Rxa3 Qe7 19. Ra2 f6 20. Nh4 e5 21. Nf5 Qe6
22. g4 Rfe8 23. Ng3 Ra6 24. Rb2 e4 25. f4 exf3 26. Rxf3 Nf8 27. Qc3 Qd7 28. Nf5
Ne6 29. h4 Raa8 30. Rg2 Rf8 31. Rgf2 Kh8 32. Rf1 b6 33. Qd3 Rac8 34. Ng3 Rfe8
35. Nf5 c5 36. Kg2 c4 37. bxc4 Rxc4 38. Qb3 Rb4 39. Qd3 Rxa4 40. g5 fxg5 41.
Nxg7 Qxg7 42. Rf7 Ra2+ 0-1

[Event "Master and Elite"]
[Site "http://www.queenalice.com/game.php?id=452601"]
[Date "2008.8.23"]
[Round "4"]
[White "Alsina"]
[Black "dilucia"]
[Result "1/2-1/2"]
[WhiteElo "2454"]
[BlackElo "2412"]

1. e4 c5 2. c3 d5 3. exd5 Qxd5 4. d4 Nc6 5. Nf3 Bg4 6. Be2 cxd4 7. cxd4 e6 8.
Nc3 Qa5 9. h3 Bh5 10. O-O Nf6 11. Qb3 Qb4 12. Qxb4 Bxb4 13. Rd1 Rd8 14. a3 Bxc3
15. bxc3 Nd5 16. Bd2 Bxf3 17. gxf3 Ke7 18. Rab1 Rd7 19. Bb5 Rhd8 20. Kf1 Kf6 21.
c4 Nde7 22. Bc3 Kg5 23. Ba4 b6 24. Rb5+ Kh4 25. d5 f6 26. Bb3 Ng6 27. Re1 exd5
1/2-1/2

[Event "GDCX Tournament"]
[Site "http://www.queenalice.com/game.php?id=484238"]
[Date "2008.10.28"]
[Round "4"]
[White "dilucia"]
[Black "csparrow"]
[Result "0-1"]
[WhiteElo "2411"]
[BlackElo "2507"]

1. d4 Nf6 2. c4 e6 3. Nc3 Bb4 4. Qc2 O-O 5. a3 Bxc3+ 6. Qxc3 b6 7. Nf3 Bb7 8. e3
d6 9. Be2 Nbd7 10. O-O Ne4 11. Qc2 f5 12. b4 Rf6 13. d5 exd5 14. Bb2 Rg6 15.
Rad1 c5 16. cxd5 a6 17. b5 axb5 18. Bxb5 Rh6 19. a4 Ndf6 20. Qb3 Ba6 21. Ra1 g5
22. Bxa6 Rxa6 23. Qd3 Ra7 24. Nd2 Nxd2 25. Qxd2 Ne4 26. Qc2 g4 27. f3 Rxh2 28.
Kxh2 g3+ 29. Kg1 Qh4 30. Rfe1 Qh2+ 31. Kf1 Qh1+ 32. Ke2 Qxg2+ 33. Kd1 Qxf3+ 34.
Qe2 Nf2+ 35. Kc1 Qxe2 36. Rxe2 Ne4 37. Kc2 Kf7 38. Rg2 Kg6 39. Kd3 h5 40. Kc4 h4
0-1

[Event "Master and Elite"]
[Site "http://www.queenalice.com/game.php?id=505218"]
[Date "2008.12.9"]
[Round "5"]
[White "dilucia"]
[Black "gbsalvio"]
[Result "0-1"]
[WhiteElo "2417"]
[BlackElo "2520"]

1. e4 b6 2. d4 Bb7 3. Bd3 g6 4. Nf3 Bg7 5. O-O d6 6. Re1 e6 7. d5 e5 8. a4 a6 9.
a5 Nd7 10. Qe2 b5 11. c4 bxc4 12. Bxc4 Ne7 13. Nc3 h6 14. b4 O-O 15. Ra3 f5 16.
exf5 Nxf5 17. b5 axb5 18. Bxb5 Nd4 19. Nxd4 exd4 20. Na2 Ne5 21. f4 d3 22. Qe4
c6 23. Bxc6 Rxa5 24. Rxa5 Qxa5 25. Nb4 Bxc6 0-1

[Event "ABERTO DO BRASIL"]
[Site "http://www.queenalice.com/game.php?id=540178"]
[Date "2009.2.14"]
[Round "2"]
[White "dilucia"]
[Black "AnaRothebarth"]
[Result "0-1"]
[WhiteElo "2431"]
[BlackElo "2141"]

1. e4 e5 2. Nf3 Nc6 3. Bb5 a6 4. Ba4 Nf6 5. O-O Be7 6. Re1 b5 7. Bb3 d6 8. c3
O-O 9. h3 Na5 10. Bc2 d5 0-1

[Event "Torneo Italiano"]
[Site "http://www.queenalice.com/game.php?id=766872"]
[Date "2010.4.26"]
[Round "5"]
[White "albi"]
[Black "dilucia"]
[Result "1-0"]
[WhiteElo "2009"]
[BlackElo "2405"]

1. e4 e5 2. Nf3 Nc6 3. d4 exd4 4. Nxd4 Bc5 5. Be3 Qf6 6. c3 Nge7 7. Be2 Qg6 8.
Bf3 O-O 9. Nxc6 Qxc6 10. Bxc5 Qxc5 11. O-O d6 12. Qd4 Qg5 13. Na3 Nc6 14. Qd5
Qe7 15. Rfe1 Be6 16. Qb5 Rab8 17. Nc2 a6 18. Qf1 Ne5 19. Be2 g6 20. f4 Ng4 21.
f5 Bd7 22. Bxg4 1-0

[Event "AUTO-ELITE-2493"]
[Site "http://www.queenalice.com/game.php?id=1820292"]
[Date "2023.9.4"]
[Round "1"]
[White "Sexxy_Bunny"]
[Black "dilucia"]
[Result "1-0"]
[WhiteElo "2715"]
[BlackElo "2408"]

1. e4 c5 2. Nf3 d6 3. d4 cxd4 4. Nxd4 Nf6 5. Nc3 a6 6. Be3 e5 7. Nb3 Be6 8. f3
Be7 9. Qd2 O-O 10. O-O-O Nbd7 11. g4 b5 12. g5 Nh5 13. Nd5 Bxd5 14. exd5 f5 15.
gxf6 Bxf6 16. Na5 Qe8 17. Bh3 Nf4 18. Bxf4 exf4 19. Rhe1 Ne5 20. Re4 Kh8 21. Qe2
Qh5 22. Be6 Bd8 23. Nc6 Nc4 24. Kb1 Bf6 25. c3 Ne3 26. Rd2 Rae8 27. a3 Nc4 28.
Rd1 Ne3 29. Rd2 Nc4 30. Rd1 Ne3 31. Rd3 Qg5 32. Ka2 g6 33. Rd2 Bg7 34. Qe1 Nc4
35. Rxc4 bxc4 36. Qf1 Qh5 37. Qe2 Qh4 38. Qxc4 Qe1 39. Qe2 Qc1 40. Qd1 Qxd1 41.
Rxd1 g5 42. h3 h5 43. Rg1 Bf6 44. Rg2 Kh7 45. c4 Kg6 46. b4 Rh8 47. a4 a5 48. b5
g4 49. hxg4 Rhf8 50. gxh5+ Kxh5 51. Kb3 1-0

[Event "AUTO-ELITE-2493"]
[Site "http://www.queenalice.com/game.php?id=1820293"]
[Date "2023.9.4"]
[Round "1"]
[White "dilucia"]
[Black "Sexxy_Bunny"]
[Result "1/2-1/2"]
[WhiteElo "2394"]
[BlackElo "2746"]

1. e4 c5 2. Nf3 d6 3. d4 cxd4 4. Nxd4 Nf6 5. Nc3 a6 6. Bg5 e6 7. f4 Qb6 8. Qd2
Qxb2 9. Rb1 Qa3 10. f5 Nc6 11. fxe6 fxe6 12. Nxc6 bxc6 13. e5 dxe5 14. Bxf6 gxf6
15. Ne4 Qxa2 16. Rd1 Be7 17. Be2 O-O 18. O-O Ra7 19. Rf3 Rd7 20. Qh6 Rxd1+ 21.
Bxd1 Rf7 22. Rg3+ Kh8 23. Qh5 Qa5 24. Kf1 Qd8 25. Qxf7 Qxd1+ 26. Kf2 Qxc2+ 27.
Kf3 Qd1+ 28. Kf2 Qc2+ 29. Kf3 Qd1+ 30. Kf2 Bc5+ 31. Nxc5 Qd2+ 32. Kf3 Qd1+ 33.
Kf2 Qc2+ 34. Kf3 Qd1+ 35. Kf2 1/2-1/2

[Event "AUTO-ELITE-2493"]
[Site "http://www.queenalice.com/game.php?id=1820300"]
[Date "2023.9.4"]
[Round "1"]
[White "dilucia"]
[Black "raulzampronha"]
[Result "1-0"]
[WhiteElo "2403"]
[BlackElo "2252"]

1. e4 d6 2. d4 Nf6 3. Nc3 g6 4. Nf3 Bg7 5. Be2 O-O 6. O-O c6 7. Re1 b5 8. e5 Ne8
9. Bf4 Bb7 10. Qd2 Nd7 11. Rad1 a6 12. e6 fxe6 13. Ng5 Rf6 14. Bg4 Nf8 15. Nxe6
Nxe6 16. Bxe6+ Kh8 17. Bg5 Rf8 18. Ne2 Bf6 19. Nf4 Bxg5 20. Nxg6+ hxg6 21. Qxg5
Kg7 22. Rd3 Rf6 23. Rh3 1-0

[Event "AUTO-ELITE-2493"]
[Site "http://www.queenalice.com/game.php?id=1820301"]
[Date "2023.9.4"]
[Round "1"]
[White "raulzampronha"]
[Black "dilucia"]
[Result "0-1"]
[WhiteElo "2300"]
[BlackElo "2385"]

1. d4 Nf6 2. c4 g6 3. Nc3 Bg7 4. e4 d6 5. Be2 O-O 6. Bg5 c5 7. d5 h6 8. Bf4 e5
9. dxe6 Bxe6 10. Bxd6 Re8 11. Nf3 Nc6 12. O-O Nd4 13. Bxc5 Nxe2+ 14. Qxe2 Qc8
0-1